[Event "Mercredi 2025.09.10 ABCD"]
[Site "Montreal CAN"]
[Date "2025.09.23"]
[Round "3"]
[White "Ghnatios, Ralph"]
[Black "Singher, Jean-Pierre"]
[Result "*"]
[WhiteElo "1977"]
[BlackElo "1905"]
[WhiteFideId "-1"]
[WhiteFideId "-1"]
[PlyCount "93"]
[GameId "2231151952524506"]
[EventDate "2025.09.10"]
[EventType "tourn"]
[EventRounds "5"]
[EventCountry "CAN"]

1. e4 c5 2. Nf3 Nc6 3. c3 Nf6 4. e5 Nd5 5. d4 cxd4 6. cxd4 d6 7. Bc4 dxe5 8. dxe5 Ndb4 9. Qe2 Bf5 10. Na3 Nd3+ 11. Kf1 Nxc1 12. Rxc1 e6 13. Nb5 Qb6 14. Nfd4 a6 15. Nxc6 bxc6 16. Nd6+ Bxd6 17. exd6 O-O 18. g4 Bg6 19. h4 Qd4 20. h5 Qf4 21. Re1 Qxd6 22. hxg6 hxg6 23. Qe5 Qxe5 24. Rxe5 Rfd8 25. Re3 Rab8 26. b3 a5 27. Ke2 a4 28. Reh3 Kf8 29. Rh8+ Ke7 30. Rxd8 Rxd8 31. Ke3 axb3 32. Bxb3 Rb8 33. Rc1 Kd6 34. Rd1+ Ke7 35. Rd4 g5 36. Ra4 f5 37. Ra7+ Kf6 38. gxf5 exf5 39. Ra6 f4+ 40. Kf3 Kf5 41. Bc2+ Ke5 42. Ra5+ Kd4 43. Rxg5 c5 44. Rxg7 Rb2 45. Bb3 Kc3 46. Rc7 Kb4 47. Rf7 *

[Event "Mercredi 2025.09.10 ABCD"]
[Site "Montreal CAN"]
[Date "2025.09.23"]
[Round "3"]
[White "Deboosere, Adam"]
[Black "Both, Aaron"]
[Result "1/2-1/2"]
[WhiteElo "2013"]
[BlackElo "2005"]
[WhiteFideId "-1"]
[WhiteFideId "-1"]
[PlyCount "196"]
[GameId "2231151952524507"]
[EventDate "2025.09.10"]
[EventType "tourn"]
[EventRounds "5"]
[EventCountry "CAN"]

1. Nf3 f5 2. d4 Nf6 3. c4 g6 4. Nc3 Bg7 5. b4 O-O 6. e3 c6 7. Qb3 Kh8 8. Be2 Ne4 9. Bb2 a5 10. b5 Nxc3 11. Bxc3 a4 12. Qc2 d5 13. O-O Be6 14. Bb4 Nd7 15. bxc6 bxc6 16. Rab1 f4 17. Ng5 Bg8 18. e4 Bxd4 19. exd5 c5 20. Nf3 Bf6 21. Bc3 e5 22. Nd2 Bg7 23. Ne4 Qh4 24. Rb7 Rf7 25. Nd6 Re7 26. g3 Qh3 27. Qd1 h5 28. Bf3 Rf8 29. Bg2 Qg4 30. Qxg4 hxg4 31. f3 gxf3 32. Bxf3 Rf6 33. Ne4 Rb6 34. Rb1 Rxb1+ 35. Rxb1 fxg3 36. hxg3 Rf7 37. Kg2 Bh6 38. Bg4 Kg7 39. Rb7 Nf6 40. Rxf7+ Kxf7 41. Be6+ Ke7 42. Nxf6 Bxe6 43. Bxe5 Bg7 44. Ng8+ Bxg8 45. Bxg7 g5 46. Kf3 Bh7 47. Ke3 a3 48. Bh6 g4 49. Kd2 Bb1 50. Kc3 Bxa2 51. Bc1 Kd6 52. Bxa3 Bb1 53. Bc1 Ba2 54. Bf4+ Kd7 55. Bh6 Kc7 56. Bf8 Kb6 57. Be7 Bb1 58. Bd8+ Kb7 59. Ba5 Be4 60. Kd2 Bf3 61. Ke3 Bd1 62. Kf4 Be2 63. d6 Kc6 64. Bc7 Bxc4 65. Kxg4 Kd7 66. Kf4 Bg8 67. Ke5 Be6 68. Ba5 Bh3 69. Kd5 c4 70. Bc3 Be6+ 71. Kc5 Bg4 72. Bf6 Bf5 73. Be5 Be6 74. Kd4 Kc6 75. Bf4 Kd7 76. Be5 Kc6 77. Kc3 Kd5 78. Bf4 Bg4 79. Kb4 Bd7 80. Ka5 c3 81. Kb6 c2 82. Kc7 Ke6 83. g4 Be8 84. g5 Bh5 85. Bc1 Be8 86. Bb2 Kf5 87. Kd8 Ba4 88. Bc1 Ke6 89. Kc7 Bb5 90. Bd2 Ba4 91. Bf4 Bb5 92. Kb6 Ba4 93. Kc5 Be8 94. Bc1 Bd7 95. Bb2 Be8 96. Ba3 Bd7 97. Kb6 c1=Q 98. Bxc1 Kxd6 1/2-1/2

[Event "Mercredi 2025.09.10 ABCD"]
[Site "Montreal CAN"]
[Date "2025.09.30"]
[Round "4"]
[White "Both, Aaron"]
[Black "Ghnatios, Ralph"]
[Result "0-1"]
[WhiteElo "2005"]
[BlackElo "1977"]
[WhiteFideId "-1"]
[WhiteFideId "-1"]
[PlyCount "108"]
[GameId "2231151952532700"]
[EventDate "2025.09.10"]
[EventType "tourn"]
[EventRounds "5"]
[EventCountry "CAN"]

1. e4 e6 2. d4 d5 3. e5 c5 4. c3 Nc6 5. Nf3 Qb6 6. Bd3 cxd4 7. cxd4 Bd7 8. O-O Nxd4 9. Nbd2 Bc5 10. b4 Be7 11. Rb1 Bb5 12. Bxb5+ Nxb5 13. Qc2 Nh6 14. a4 Qc7 15. Qd3 Nc3 16. Ra1 Bxb4 17. Ba3 a5 18. Rfc1 Rc8 19. Bb2 Ng4 20. Bxc3 Bxc3 21. Ra3 d4 22. Qe4 Qe7 23. Nb1 f5 24. exf6 Nxf6 25. Qxd4 Bxd4 26. Rxc8+ Kf7 27. Rxh8 Qc5 28. h3 Bxf2+ 29. Kf1 Ne4 30. Nfd2 Ng3+ 31. Rxg3 Bxg3 32. Ke2 Qf2+ 33. Kd3 h6 34. Rd8 Qxg2 35. Nc3 Be1 36. Nce4 Qxh3+ 37. Kc2 Bxd2 38. Rxd2 Ke7 39. Re2 Qf3 40. Kd2 g5 41. Re3 Qf5 42. Kd3 Qf1+ 43. Kd2 b6 44. Nc3 Qg2+ 45. Kd3 Kf7 46. Ne4 Qf1+ 47. Kd4 Qa1+ 48. Nc3 g4 49. Ke4 Qb2 50. Kf4 h5 51. Ne4 Qd4 52. Re1 Kg6 53. Kg3 Kf5 54. Nf2 Qc3+ 0-1

[Event "Mercredi 2025.09.10 ABCD"]
[Site "Montreal CAN"]
[Date "2025.09.30"]
[Round "4"]
[White "Navarro, Pavel"]
[Black "Deboosere, Adam"]
[Result "1/2-1/2"]
[WhiteElo "2003"]
[BlackElo "2013"]
[WhiteFideId "-1"]
[WhiteFideId "-1"]
[PlyCount "103"]
[GameId "2231151952532701"]
[EventDate "2025.09.10"]
[EventType "tourn"]
[EventRounds "5"]
[EventCountry "CAN"]

1. e4 e6 2. d4 d5 3. Nc3 Nf6 4. e5 Nfd7 5. f4 c5 6. Nf3 Nc6 7. Be3 a6 8. Qd2 b5 9. dxc5 Bxc5 10. Nd4 Qb6 11. O-O-O O-O 12. h4 f6 13. exf6 Nxf6 14. h5 Rd8 15. Nce2 e5 16. fxe5 Nxe5 17. Qe1 Bg4 18. Qh4 Bxh5 19. Bg5 Bg6 20. Bxf6 Qxf6 21. Qxf6 gxf6 22. Nf4 Rac8 23. Nfe6 Bxd4 24. Nxd4 Nc6 25. Nxc6 Rxc6 26. Bd3 d4 27. Kd2 Rdc8 28. Rc1 f5 29. Rh4 Rd8 30. Rf1 Rc5 31. Rhf4 Rdd5 32. b4 Rc3 33. Bxf5 Bxf5 34. Rxf5 Rxf5 35. Rxf5 Rg3 36. Rf2 Kg7 37. Kc1 h5 38. Kb2 Kg6 39. Rd2 Rg4 40. a4 Kf5 41. axb5 axb5 42. c3 dxc3+ 43. Kxc3 Rc4+ 44. Kb3 Ke4 45. Rd8 Rd4 46. Re8+ Kf4 47. Rf8+ Kg4 48. Rg8+ Kf5 49. Rh8 Kg6 50. Rg8+ Kf6 51. Rh8 Kg6 52. Rg8+ 1/2-1/2

[Event "Mercredi 2025.09.10 ABCD"]
[Site "Montreal CAN"]
[Date "2025.09.30"]
[Round "4"]
[White "Nassif, Aba"]
[Black "Singher, Jean-Pierre"]
[Result "0-1"]
[WhiteElo "2027"]
[BlackElo "1905"]
[WhiteFideId "-1"]
[WhiteFideId "-1"]
[PlyCount "52"]
[GameId "2231151952532702"]
[EventDate "2025.09.10"]
[EventType "tourn"]
[EventRounds "5"]
[EventCountry "CAN"]

1. d4 Nf6 2. Nc3 c5 3. d5 d6 4. e4 g6 5. f4 Bg4 6. Be2 Bxe2 7. Qxe2 Bg7 8. e5 dxe5 9. fxe5 Nxd5 10. Qb5+ Nc6 11. Qxb7 Ndb4 12. Qb5 O-O 13. Nf3 Nxc2+ 14. Kf2 N6d4 15. Qxc5 Rc8 16. Qxa7 Nxf3 17. gxf3 Nxa1 18. Be3 Nc2 19. Rd1 Qc7 20. Nd5 Qxe5 21. Nxe7+ Kh8 22. Nxc8 Qxh2+ 23. Kf1 Nxe3+ 24. Qxe3 Qh1+ 25. Ke2 Qg2+ 26. Ke1 Rxc8 0-1

[Event "Mercredi 2025.09.10 ABCD"]
[Site "Montreal CAN"]
[Date "2025.10.08"]
[Round "5"]
[White "Deboosere, Adam"]
[Black "Nassif, Aba"]
[Result "1-0"]
[WhiteElo "2013"]
[BlackElo "2027"]
[WhiteFideId "-1"]
[WhiteFideId "-1"]
[PlyCount "123"]
[GameId "2231151952532703"]
[EventDate "2025.09.10"]
[EventType "tourn"]
[EventRounds "5"]
[EventCountry "CAN"]

1. Nf3 Nf6 2. b3 d5 3. Bb2 a5 4. a3 Bf5 5. g3 e6 6. Bg2 c5 7. d3 Be7 8. Nbd2 Nc6 9. O-O O-O 10. Re1 Qc7 11. e4 Bg4 12. h3 Bh5 13. g4 Bg6 14. Qe2 b5 15. a4 Nb4 16. Rec1 c4 17. Be5 Qb7 18. Nh4 cxd3 19. cxd3 Rac8 20. Nxg6 hxg6 21. d4 Nc2 22. Rab1 b4 23. exd5 Nxd5 24. Nc4 Na3 25. Ra1 Qa6 26. Bf1 Bg5 27. f4 Bxf4 28. Bxf4 Nxf4 29. Qf3 Nxc4 30. Qxf4 Qd6 31. Qxd6 Nxd6 32. Rc5 Nb7 33. Rb5 Nd6 34. Rxa5 Rc3 35. Ra6 Ne4 36. a5 Rxb3 37. Rb6 Ra3 38. Rxa3 bxa3 39. Rb3 a2 40. Ra3 Nc3 41. Bc4 Ra8 42. a6 Kf8 43. Kg2 Ke7 44. Bxa2 Nb5 45. Ra4 Kd6 46. Bc4 Nxd4 47. Bd3 Nc6 48. Kf2 f5 49. Ke3 Ra7 50. Kf4 e5+ 51. Kg5 e4 52. Bf1 Ne7 53. Rb4 Ke5 54. Rb5+ Kd4 55. Rb7 Nc6 56. gxf5 gxf5 57. Kxf5 Ra8 58. Bb5 Ne5 59. Rxg7 Rf8+ 60. Ke6 e3 61. a7 Nd3 62. Rd7+ 1-0

[Event "Mercredi 2025.09.10 ABCD"]
[Site "Montreal CAN"]
[Date "2025.10.08"]
[Round "5"]
[White "Ghnatios, Ralph"]
[Black "Navarro, Pavel"]
[Result "0-1"]
[WhiteElo "1977"]
[BlackElo "2003"]
[WhiteFideId "-1"]
[WhiteFideId "-1"]
[PlyCount "120"]
[GameId "2231151952532704"]
[EventDate "2025.09.10"]
[EventType "tourn"]
[EventRounds "5"]
[EventCountry "CAN"]

1. e4 c5 2. c3 d6 3. d4 Nf6 4. Bd3 Nc6 5. Nf3 g6 6. d5 Nb8 7. Be3 Bg7 8. Qd2 O-O 9. Bh6 Bg4 10. Na3 a6 11. c4 Bxh6 12. Qxh6 Bxf3 13. gxf3 Qa5+ 14. Ke2 e5 15. Rhg1 Nbd7 16. Nc2 Kh8 17. Rg5 Qb6 18. b3 Nh5 19. Rxh5 gxh5 20. Ne3 Rg8 21. Nf5 Rg6 22. Qxh5 Qd8 23. Nh4 Rg5 24. Qxf7 Rg7 25. Qh5 Qf6 26. Nf5 Rg5 27. Qh3 Nf8 28. Kd2 Ng6 29. Qh6 Rg2 30. Rf1 Rf8 31. h4 Rh2 32. h5 Nh4 33. Qxf6+ Rxf6 34. f4 exf4 35. Nxh4 Rxh4 36. b4 b6 37. bxc5 bxc5 38. Rb1 Rxh5 39. Rb6 a5 40. a4 Kg7 41. Ra6 Rh2 42. Ke1 Rh1+ 43. Kd2 h5 44. Rxa5 h4 45. Ra7+ Rf7 46. Ra6 h3 47. e5 h2 48. Be4 f3 49. Rxd6 Rd1+ 50. Kxd1 h1=Q+ 51. Kd2 Qa1 52. Rg6+ Kf8 53. e6 Qd4+ 54. Bd3 Qxf2+ 55. Kc3 Qd4+ 56. Kc2 Rg7 57. Rxg7 Kxg7 58. a5 Kf6 59. a6 Qa1 60. Be4 f2 0-1

[Event "Mercredi 2025.09.10 ABCD"]
[Site "Montreal CAN"]
[Date "2025.10.08"]
[Round "5"]
[White "Singher, Jean-Pierre"]
[Black "Both, Aaron"]
[Result "0-1"]
[WhiteElo "1905"]
[BlackElo "2005"]
[WhiteFideId "-1"]
[WhiteFideId "-1"]
[PlyCount "26"]
[GameId "2231151952532705"]
[EventDate "2025.09.10"]
[EventType "tourn"]
[EventRounds "5"]
[EventCountry "CAN"]

1. d4 f5 2. Nc3 Nf6 3. Bf4 e6 4. e3 Bb4 5. Bd3 O-O 6. Nge2 b6 7. a3 Bxc3+ 8. Nxc3 Bb7 9. O-O d6 10. Qe2 Nbd7 11. e4 fxe4 12. Nxe4 Nxe4 13. Bxe4 d5 0-1

[Event "Mercredi 2025.09.10 ABCD"]
[Site "Montreal CAN"]
[Date "2025.09.10"]
[Round "1"]
[White "Gadbois, Patrick"]
[Black "Barko, Maxim"]
[Result "1-0"]
[WhiteElo "1854"]
[BlackElo "1884"]
[WhiteFideId "-1"]
[WhiteFideId "-1"]
[PlyCount "105"]
[GameId "2231151952532706"]
[EventDate "2025.09.10"]
[EventType "tourn"]
[EventRounds "5"]
[EventCountry "CAN"]

1. d4 e6 2. e3 f5 3. f4 Nf6 4. Nf3 Be7 5. Bd3 b6 6. O-O Bb7 7. c4 O-O 8. Nc3 Ne4 9. Bd2 c5 10. Qc2 Nxd2 11. Qxd2 Bf6 12. dxc5 bxc5 13. Rad1 a6 14. Bb1 Qc7 15. b3 Rd8 16. Na4 d6 17. Ng5 Qe7 18. Nb6 Ra7 19. Nf3 Qc7 20. Na4 Nc6 21. e4 Nd4 22. exf5 Nxf3+ 23. gxf3 Bd4+ 24. Kh1 exf5 25. Bxf5 Qf7 26. Be4 Re8 27. Bxb7 Rxb7 28. Rde1 Rf8 29. Re4 Qh5 30. Nc3 Qh3 31. Ree1 Re7 32. Nd5 Re6 33. Qg2 Qxg2+ 34. Kxg2 Rg6+ 35. Kh1 Rh6 36. Ne7+ Kh8 37. Nd5 Rg6 38. Re2 h5 39. Rfe1 Kh7 40. Rg2 a5 41. Rxg6 Kxg6 42. Re6+ Kf7 43. Rxd6 Re8 44. Rd7+ Kg6 45. Re7 Rf8 46. Kg2 a4 47. Rb7 axb3 48. axb3 Ra8 49. Ne7+ Kf6 50. Nd5+ Kg6 51. Kg3 Ra2 52. Rb6+ Kf5 53. Ne7# 1-0

[Event "Mercredi 2025.09.10 ABCD"]
[Site "Montreal CAN"]
[Date "2025.09.10"]
[Round "1"]
[White "Qi, Jason"]
[Black "Hartner, Rian"]
[Result "0-1"]
[WhiteElo "1801"]
[BlackElo "1801"]
[WhiteFideId "-1"]
[WhiteFideId "-1"]
[PlyCount "100"]
[GameId "2231151952532707"]
[EventDate "2025.09.10"]
[EventType "tourn"]
[EventRounds "5"]
[EventCountry "CAN"]

1. d4 d5 2. Nf3 Nf6 3. g3 Bf5 4. Bg2 e6 5. O-O Nbd7 6. c4 c6 7. b3 Be7 8. Bb2 O-O 9. Nc3 h6 10. Nd2 Bg6 11. e4 Nb6 12. c5 Nbd7 13. e5 Ne8 14. b4 Nc7 15. f4 a5 16. bxa5 Rxa5 17. Nb3 Ra8 18. g4 f5 19. a4 b6 20. Ba3 bxc5 21. dxc5 fxg4 22. Qxg4 Bf5 23. Qe2 Na6 24. Qe3 Naxc5 25. Nxc5 Qb6 26. N3e4 dxe4 27. Rfc1 Nxc5 28. Bxc5 Bxc5 29. Qxc5 Rfb8 30. a5 Qxc5+ 31. Rxc5 Rb5 32. Rxb5 cxb5 33. Bf1 b4 34. Bc4 Kf7 35. a6 e3 36. Ra4 Bh3 37. Rxb4 Rd8 38. Rb1 Rd2 39. a7 Bg2 40. Re1 Ba8 41. Rxe3 Rg2+ 42. Kf1 Rxh2 43. f5 Rh1+ 44. Ke2 Ra1 45. Bxe6+ Kf8 46. Rb3 Rxa7 47. Rb8+ Ke7 48. Rg8 Ra5 49. Rxg7+ Kf8 50. Kd3 Kxg7 0-1

[Event "Mercredi 2025.09.10 ABCD"]
[Site "Montreal CAN"]
[Date "2025.09.10"]
[Round "1"]
[White "Giard, Antoine"]
[Black "Porlier, Xavier"]
[Result "0-1"]
[WhiteElo "1842"]
[BlackElo "1845"]
[WhiteFideId "-1"]
[WhiteFideId "-1"]
[PlyCount "72"]
[GameId "2231151952532708"]
[EventDate "2025.09.10"]
[EventType "tourn"]
[EventRounds "5"]
[EventCountry "CAN"]

1. e4 c5 2. Nf3 e6 3. d4 cxd4 4. Nxd4 Nc6 5. Nc3 Qc7 6. Be2 a6 7. O-O Nf6 8. Bg5 Be7 9. Kh1 Ng4 10. Bxg4 Bxg5 11. Nce2 O-O 12. c3 Ne5 13. Ng1 Be7 14. f4 Nc4 15. Qe2 b5 16. a4 bxa4 17. Rxa4 Nb6 18. Ra2 Bb7 19. Nh3 Qc4 20. Qxc4 Nxc4 21. Bf3 Rfc8 22. e5 Bxf3 23. Nxf3 Rcb8 24. b4 Rb6 25. Rd1 Ra7 26. Rd4 Ne3 27. Rad2 Rbb7 28. Nf2 Nd5 29. Rc4 Rc7 30. Rxc7 Rxc7 31. Ra2 Rxc3 32. Rxa6 Rc1+ 33. Ng1 g6 34. Nd3 Rd1 35. Nb2 Rb1 36. Nd3 Nc3 0-1

[Event "Mercredi 2025.09.10 ABCD"]
[Site "Montreal CAN"]
[Date "2025.09.17"]
[Round "2"]
[White "Barko, Maxim"]
[Black "Qi, Jason"]
[Result "1-0"]
[WhiteElo "1884"]
[BlackElo "1801"]
[WhiteFideId "-1"]
[WhiteFideId "-1"]
[PlyCount "119"]
[GameId "2231151952532709"]
[EventDate "2025.09.10"]
[EventType "tourn"]
[EventRounds "5"]
[EventCountry "CAN"]

1. e4 c5 2. Nf3 e6 3. g3 d5 4. exd5 exd5 5. d4 Nf6 6. Bg2 Be7 7. O-O O-O 8. Re1 h6 9. Nbd2 Nc6 10. dxc5 Bxc5 11. Nb3 Bb6 12. Be3 Bxe3 13. Rxe3 Bf5 14. Nbd4 Be4 15. c3 Na5 16. Re2 Qb6 17. Nb3 Nc4 18. Nfd4 Bg6 19. a4 a5 20. Nb5 Bh5 21. N3d4 Bxe2 22. Qxe2 Rfe8 23. Qc2 Re5 24. Rd1 Rd8 25. Qc1 Nd6 26. Na3 Nf5 27. Nab5 Nxd4 28. Nxd4 Qc5 29. Bf1 Qe7 30. Nf3 Rf5 31. Nd4 Re5 32. Nf3 Re6 33. Bb5 Rc8 34. Nd4 Re4 35. Qb1 Qc5 36. Bd3 Re7 37. Nf5 Re5 38. Nd4 Ne4 39. Kg2 Qb6 40. Qc2 Qf6 41. Rf1 Nc5 42. Bb5 Qg6 43. Qd1 Qe4+ 44. Kg1 Qg6 45. Qf3 Qe4 46. Qd1 Qg6 47. Qf3 Qf6 48. Qg4 Rc7 49. Rd1 h5 50. Qh3 Rce7 51. Qc8+ Kh7 52. Qxc5 h4 53. Bd3+ g6 54. Bf1 b6 55. Qc8 Re8 56. Qg4 hxg3 57. hxg3 Re4 58. Qf3 Qxf3 59. Nxf3 Rxa4 60. Bb5 1-0

[Event "Mercredi 2025.09.10 ABCD"]
[Site "Montreal CAN"]
[Date "2025.09.17"]
[Round "2"]
[White "Giard, Antoine"]
[Black "Gadbois, Patrick"]
[Result "1-0"]
[WhiteElo "1842"]
[BlackElo "1854"]
[WhiteFideId "-1"]
[WhiteFideId "-1"]
[PlyCount "65"]
[GameId "2231151952532710"]
[EventDate "2025.09.10"]
[EventType "tourn"]
[EventRounds "5"]
[EventCountry "CAN"]

1. e4 e6 2. d4 d5 3. e5 c5 4. c3 Nc6 5. Nf3 Bd7 6. Be2 Rc8 7. O-O cxd4 8. cxd4 Nge7 9. Nc3 Nf5 10. Be3 h5 11. Bd3 g6 12. Rc1 Na5 13. b3 Ba3 14. Rc2 a6 15. Bg5 Be7 16. Bxe7 Qxe7 17. Qd2 Nc6 18. Bxf5 gxf5 19. Na4 f6 20. exf6 Qxf6 21. Re1 Rg8 22. Nb6 Qg7 23. g3 Rd8 24. Nxd5 Bc8 25. Nf4 Qg4 26. Nxe6 Bxe6 27. Rxe6+ Kf7 28. Rexc6 Qxf3 29. Rc7+ Kg6 30. h4 Kf6 31. Kh2 Rg4 32. Qh6+ Rg6 33. Qh7 1-0

[Event "Mercredi 2025.09.10 ABCD"]
[Site "Montreal CAN"]
[Date "2025.09.17"]
[Round "2"]
[White "Porlier, Xavier"]
[Black "Hartner, Rian"]
[Result "0-1"]
[WhiteElo "1845"]
[BlackElo "1801"]
[WhiteFideId "-1"]
[WhiteFideId "-1"]
[PlyCount "84"]
[GameId "2231151952573671"]
[EventDate "2025.09.10"]
[EventType "tourn"]
[EventRounds "5"]
[EventCountry "CAN"]

1. e4 c6 2. d4 d5 3. exd5 cxd5 4. Nf3 Nf6 5. c4 g6 6. Nc3 Bg7 7. Be2 O-O 8. O-O Nc6 9. h3 dxc4 10. Bxc4 b6 11. Re1 Bb7 12. a3 Rc8 13. Ba2 e6 14. Be3 Ne7 15. Qe2 Ned5 16. Bd2 Nxc3 17. bxc3 Bd5 18. Bb1 Qc7 19. Bd3 Nd7 20. a4 Rfe8 21. Ne5 Nxe5 22. dxe5 Bc4 23. Bxc4 Qxc4 24. Qxc4 Rxc4 25. f4 Bf8 26. Kf2 Bc5+ 27. Ke2 Rd8 28. Ra2 a5 29. Rc1 Kf8 30. Rf1 Rd5 31. Rf3 Re4+ 32. Kf1 Ke8 33. Be1 Rd1 34. Re2 Rxa4 35. g4 Raa1 36. f5 a4 37. Rf4 b5 38. fxe6 fxe6 39. Rfe4 Rab1 40. Kg2 a3 41. Bf2 Bxf2 42. Kxf2 Rb2 0-1

[Event "Mercredi 2025.09.10 ABCD"]
[Site "Montreal CAN"]
[Date "2025.09.23"]
[Round "3"]
[White "Hartner, Rian"]
[Black "Barko, Maxim"]
[Result "0-1"]
[WhiteElo "1801"]
[BlackElo "1884"]
[WhiteFideId "-1"]
[WhiteFideId "-1"]
[PlyCount "212"]
[GameId "2231151952573672"]
[EventDate "2025.09.10"]
[EventType "tourn"]
[EventRounds "5"]
[EventCountry "CAN"]

1. e4 e6 2. d4 d5 3. Nc3 Be7 4. e5 c5 5. Qg4 g5 6. dxc5 Qc7 7. Bxg5 Qxe5+ 8. Be3 Nf6 9. Bb5+ Bd7 10. Qe2 a6 11. Ba4 Bxa4 12. Nxa4 Nbd7 13. Nf3 Qc7 14. Nb6 Rd8 15. Nxd7 Nxd7 16. O-O Nxc5 17. Ng5 Qe5 18. Nf3 Qe4 19. Rfe1 Rg8 20. Bd4 Rg4 21. c3 Qxe2 22. Rxe2 Re4 23. Rae1 Rxe2 24. Rxe2 Ne4 25. Ne1 Bc5 26. Nc2 Rc8 27. f3 Nd6 28. g4 Kd7 29. Kg2 Nb5 30. Bf6 Be7 31. Be5 h5 32. h3 a5 33. Nd4 Nxd4 34. Bxd4 a4 35. a3 Rg8 36. Kf1 Bh4 37. Rg2 hxg4 38. hxg4 Bg5 39. b3 Be7 40. Rb2 axb3 41. Rxb3 Kc6 42. a4 Ra8 43. Rb6+ Kc7 44. Rb2 Rxa4 45. f4 Bd6 46. Rf2 Kd7 47. Kg2 Rc4 48. Rb2 Kc6 49. Kf3 f6 50. Re2 Kd7 51. Rb2 Kc6 52. Re2 e5 53. fxe5 fxe5 54. Rxe5 Bxe5 55. Bxe5 Kd7 56. g5 Ke6 57. Bf6 Kf5 58. Ke3 b5 59. Kd3 Kg6 60. Bd8 Rg4 61. Bf6 Kf5 62. Kc2 Ke4 63. Kb3 Kf5 64. Bd8 Rc4 65. Bf6 Ke6 66. Bd8 Kd7 67. Bf6 Rg4 68. Ka3 Kc6 69. Kb3 Kd6 70. Bd8 Rg1 71. Bf6 Rf1 72. Bd4 Rf3 73. Kb4 Kc7 74. Bf6 Rf4+ 75. Kb3 Rg4 76. Be7 Kb6 77. Bf6 b4 78. cxb4 Kb5 79. Be7 Rg3+ 80. Kc2 Kc4 81. Kd2 d4 82. Bf6 Rg2+ 83. Ke1 d3 84. Kd1 Kxb4 85. Be7+ Kc3 86. Bf6+ Kc4 87. Bd8 Kd5 88. Bf6 Ke4 89. Bd8 Kf5 90. Be7 Ke4 91. Bd8 Rg4 92. Kd2 Rg1 93. Be7 Rg2+ 94. Kd1 Kd4 95. Bd8 Rg4 96. Kd2 Ke4 97. Be7 Rg2+ 98. Kd1 Rc2 99. Bd8 Rc8 100. Bf6 Ke3 101. g6 Rc6 102. Bg5+ Ke4 103. g7 Rg6 104. Bf6 Ke3 105. Kc1 Rg1+ 106. Kb2 d2 0-1

[Event "Mercredi 2025.09.10 ABCD"]
[Site "Montreal CAN"]
[Date "2025.09.23"]
[Round "3"]
[White "Qi, Jason"]
[Black "Giard, Antoine"]
[Result "0-1"]
[WhiteElo "1801"]
[BlackElo "1842"]
[WhiteFideId "-1"]
[WhiteFideId "-1"]
[PlyCount "120"]
[GameId "2231151952573673"]
[EventDate "2025.09.10"]
[EventType "tourn"]
[EventRounds "5"]
[EventCountry "CAN"]

1. e4 Nf6 2. e5 Nd5 3. c4 Nb6 4. d4 d6 5. f4 dxe5 6. fxe5 Nc6 7. Be3 Bf5 8. Nc3 e6 9. Nf3 Be7 10. Be2 O-O 11. O-O f6 12. exf6 Bxf6 13. Qd2 Qe7 14. Rad1 Rad8 15. Kh1 Kh8 16. Qc1 Bg6 17. Bf2 Rd7 18. c5 Nd5 19. Nxd5 exd5 20. Rfe1 Qd8 21. Qc3 Ne7 22. b4 c6 23. a4 Nf5 24. Bd3 Nh4 25. Bxg6 Nxg6 26. Bg3 Re7 27. Rxe7 Bxe7 28. Qe3 Qd7 29. Re1 Qf5 30. Qe6 Qxe6 31. Rxe6 Bf6 32. Bd6 Rd8 33. g4 h6 34. b5 Kg8 35. bxc6 bxc6 36. Bc7 Rc8 37. Bd6 Kf7 38. Re3 Re8 39. Rb3 Re4 40. Rb7+ Ke6 41. h3 Bxd4 42. Nxd4+ Rxd4 43. Rxg7 Nf4 44. Re7+ Kf6 45. Rxa7 Nxh3 46. Kg2 Ng5 47. Be7+ Ke5 48. Bd6+ Ke4 49. a5 Rd2+ 50. Kg3 Rd3+ 51. Kf2 Rd2+ 52. Ke1 Ra2 53. a6 d4 54. Re7+ Kd3 55. a7 Kc3 56. Re2 Rxa7 57. Kf2 Rf7+ 58. Kg2 d3 59. Be5+ Kc4 60. Rd2 Nf3 0-1

[Event "Mercredi 2025.09.10 ABCD"]
[Site "Montreal CAN"]
[Date "2025.10.02"]
[Round "3"]
[White "Gadbois, Patrick"]
[Black "Porlier, Xavier"]
[Result "0-1"]
[WhiteElo "1854"]
[BlackElo "1845"]
[WhiteFideId "-1"]
[WhiteFideId "-1"]
[PlyCount "60"]
[GameId "2231151952573674"]
[EventDate "2025.09.10"]
[EventType "tourn"]
[EventRounds "5"]
[EventCountry "CAN"]

1. d4 d5 2. Nf3 Nf6 3. e3 e6 4. Bd3 c5 5. c3 Nc6 6. Nbd2 Be7 7. O-O O-O 8. Ne5 Qc7 9. f4 b6 10. Qf3 a5 11. Rf2 Ba6 12. Bc2 cxd4 13. Nxc6 Qxc6 14. exd4 Rac8 15. g4 g6 16. h4 Kh8 17. Rg2 b5 18. Nf1 b4 19. Bd2 Ne4 20. Bxe4 dxe4 21. Qf2 Bxf1 22. Rxf1 Qd5 23. f5 gxf5 24. gxf5 Rg8 25. Rxg8+ Rxg8+ 26. Kh2 Bd6+ 27. Bf4 e3 28. Qe2 Bxf4+ 29. Rxf4 Qd6 30. Qf3 e2 0-1

[Event "Mercredi 2025.09.10 ABCD"]
[Site "Montreal CAN"]
[Date "2025.09.30"]
[Round "4"]
[White "Porlier, Xavier"]
[Black "Barko, Maxim"]
[Result "1-0"]
[WhiteElo "1845"]
[BlackElo "1884"]
[WhiteFideId "-1"]
[WhiteFideId "-1"]
[PlyCount "145"]
[GameId "2231151952573675"]
[EventDate "2025.09.10"]
[EventType "tourn"]
[EventRounds "5"]
[EventCountry "CAN"]

1. e4 e6 2. d4 d5 3. Nc3 Be7 4. exd5 exd5 5. Bd3 Nc6 6. Nge2 Nb4 7. Bb5+ c6 8. Ba4 Bg4 9. O-O Nf6 10. a3 Na6 11. Bg5 Nc7 12. f3 Bf5 13. Qd2 Ne6 14. Bh4 O-O 15. Rae1 Qc7 16. Kh1 Bg6 17. Bb3 Ne4 18. Nxe4 Bxh4 19. N4g3 Qb6 20. Rd1 a5 21. a4 Rfe8 22. f4 Be4 23. Nxe4 dxe4 24. f5 Nc7 25. Qf4 Bf6 26. Ng3 Nd5 27. Qg4 Ne3 28. Qh5 Re7 29. Rfe1 Nxd1 30. Rxd1 Rd8 31. Qg4 Rxd4 32. Nh5 c5 33. Rf1 e3 34. Qg3 Qd6 35. Nxf6+ Kf8 36. Qxd6 Rxd6 37. Nd5 e2 38. Re1 Re5 39. c4 Rxf5 40. Kg1 f6 41. Rxe2 Rd7 42. Bc2 Rh5 43. Be4 h6 44. h3 Re5 45. Kf2 Rd6 46. Nf4 f5 47. Bd5 Rxe2+ 48. Kxe2 Rb6 49. Nd3 Ke7 50. Kd2 Rg6 51. Nxc5 b6 52. Nd3 Kd6 53. Ke2 Rg3 54. Bf3 Rg6 55. Ke3 Rf6 56. Kd4 g5 57. c5+ Kc7 58. c6 Kd6 59. Nf2 Rf8 60. Nd1 g4 61. hxg4 fxg4 62. Bd5 h5 63. Nc3 h4 64. Nb5+ Ke7 65. c7 Kd7 66. Ke3 h3 67. gxh3 gxh3 68. Bf3 h2 69. Bg2 Rg8 70. Kf2 Rh8 71. Bh1 Rg8 72. Bb7 Ke7 73. Na7 1-0

[Event "Mercredi 2025.09.10 ABCD"]
[Site "Montreal CAN"]
[Date "2025.09.30"]
[Round "4"]
[White "Giard, Antoine"]
[Black "Hartner, Rian"]
[Result "0-1"]
[WhiteElo "1842"]
[BlackElo "1801"]
[WhiteFideId "-1"]
[WhiteFideId "-1"]
[PlyCount "112"]
[GameId "2231151952573676"]
[EventDate "2025.09.10"]
[EventType "tourn"]
[EventRounds "5"]
[EventCountry "CAN"]

1. e4 c6 2. d4 d5 3. e5 c5 4. dxc5 e6 5. Qg4 h5 6. Qf4 Bxc5 7. Nf3 Qb6 8. Bd3 Qb4+ 9. Nc3 Nc6 10. O-O a6 11. a3 Qxf4 12. Bxf4 Nd4 13. Nxd4 Bxd4 14. Ne2 Bb6 15. c4 Ne7 16. cxd5 Nxd5 17. Bd2 Bd7 18. Nc3 Bc6 19. Be4 O-O-O 20. Nxd5 Bxd5 21. Bxd5 Rxd5 22. Rac1+ Kb8 23. Bc3 Rhd8 24. g3 Rd3 25. Kg2 R8d5 26. f4 g6 27. Rf3 Rd1 28. Rxd1 Rxd1 29. Rf1 Rd3 30. Rc1 Bc5 31. Rc2 b6 32. Rd2 Rxd2+ 33. Bxd2 Kc7 34. Kf3 Kc6 35. a4 Kd5 36. b3 a5 37. h3 Kd4 38. Ke2 Ke4 39. Bc1 Bg1 40. Bd2 Bd4 41. Be1 g5 42. fxg5 Bxe5 43. h4 Bd6 44. Bf2 Bc7 45. Be3 Kf5 46. Kf3 e5 47. Bf2 e4+ 48. Ke3 Bd6 49. Kd2 Bb4+ 50. Ke2 Bc5 51. Bxc5 bxc5 52. Ke3 Kg4 53. Kxe4 Kxg3 54. Kf5 Kxh4 55. Kf4 Kh3 56. Kf3 h4 0-1